Central Library OPAC University of Rajshahi

Epidemiology of haemonchosis in goats under different management practices in Bangladesh / (Record no. 82244)

MARC details
000 -LEADER
fixed length control field 01249nam a22002657a 4500
001 - CONTROL NUMBER
RUCL Control Number 82244
003 - CONTROL NUMBER IDENTIFIER
rucl marc code BD-RjUL
005 - DATE AND TIME OF LATEST TRANSACTION
control field 20231212102123.0
008 - FIXED-LENGTH DATA ELEMENTS--GENERAL INFORMATION
fixed length control field 231102s2015 bg a|||| m||| 00| 0 eng d
035 ## - SYSTEM CONTROL NUMBER
system control number (BD-RjUL)82244
040 ## - CATALOGING SOURCE
Original cataloging agency BD-RjUL
Language of cataloging eng
Transcribing agency BD-RjUL
Modifying agency BD-RjUL
041 ## - LANGUAGE CODE
Language code of Book eng
082 ## - DEWEY DECIMAL CLASSIFICATION NUMBER
DDC Edition number 23
Classification number 636.39095492
Author mark and Year NAE 2015
100 ## - MAIN ENTRY--PERSONAL NAME
Personal name Nahar, Lovely
9 (RLIN) 9910
245 10 - TITLE STATEMENT
Title Epidemiology of haemonchosis in goats under different management practices in Bangladesh /
Statement of responsibility, etc by Lovely Nahar ;
Name of Supervisor/Co-Supervisor Principal Supervisor : Md. Jalal Uddin Sarder, Co-Supervisor : Md. Motahar Hussain Mondal, Co-Supervisor : Md. Omar Faruque
260 ## - PUBLICATION, DISTRIBUTION, ETC. (IMPRINT)
Place of publication, distribution, etc Rajshahi :
Name of publisher, distributor, etc Department of Animal Husbandry and Veterinary Science Faculty of Agriculture, University of Rajshahi,
Date of publication, distribution, etc 2015
300 ## - PHYSICAL DESCRIPTION
Pagination xv, 271 leaves :
Other physical details ill, ;
Dimensions 29.cm.
502 ## - DISSERTATION NOTE
Dissertation note Thesis (Ph. D.) -- Department of Animal Husbandry and Veterinary Science Faculty of Agriculture, University of Rajshahi, 2015
504 ## - BIBLIOGRAPHY, ETC. NOTE
Bibliography, etc References : Leaves 208 - 264
650 ## - SUBJECT ADDED ENTRY--TOPICAL TERM
Topical term or geographic name as entry element Goats
General subdivision Animal husbandry
Geographic subdivision Bangladesh
9 (RLIN) 9911
700 ## - ADDED ENTRY--SUPERVISOR/CO-SUPERVISOR NAME
Personal name Sarder, Md. Jalal Uddin, Principal Supervisor
9 (RLIN) 3093
Personal name Mondal, Md. Motahar Hussain, Co-Supervisor
9 (RLIN) 9912
Personal name Faruque, Md. Omar, Co-Supervisor
9 (RLIN) 7130
942 ## - ADDED ENTRY ELEMENTS (KOHA)
Source of classification or shelving scheme Dewey Decimal Classification
Koha item type Theses
Holdings
Source of classification or shelving scheme Damaged status Not for loan Collection code Permanent Location Current Location Shelving location Date of accession Source of acquisition Total Checkouts Full call number Barcode Date last seen Copy number Thesis
Dewey Decimal Classification   Not For Loan Theses Central Library, University of Rajshahi Central Library, University of Rajshahi Documentation Section 28/11/2015 Controller of Exam. R.U.   THE 636.39095492 NAE 2015 D3850 02/11/2023 C-1 Theses